Official Languages - Sudden Death - Statistics

General Stats
  • This quiz has been taken 1,573 times
  • The average score is 6 of 18
Answers on the Grid
Answers color-coded by a green-red scale on the quiz's grid according to % correct below.
Afrikaans
Akan
Assyrian
Aymara
Balochi
Basque
Bengali
Berber
Burmese
Catalan
Chewa
Greenlandic
Guarani
Hebrew
Kinyarwanda
Kongo
Kurdish
Marathi
Mongolian
Oromo
Pashto
Punjabi
Romansh
Sami
Tamil
Tibetan
Urdu
Welsh
Yiddish
Yoruba
 
Answer Stats
Answer % Correct
Hebrew
57%
Afrikaans
46%
Urdu
45%
Mongolian
44%
Bengali
43%
Tamil
40%
Catalan
36%
Burmese
35%
Romansh
34%
Pashto
33%
Kurdish
25%
Berber
22%
Guarani
19%
Kinyarwanda
17%
Oromo
16%
Sami
16%
Aymara
15%
Chewa
11%
No matching quizzes found
Score Distribution
Percent of People with Each Score
Percentile by Number Answered
Your Score History
You have not taken this quiz